The Java tutorial continued : (Registro nro. 3714)

Detalles MARC
000 -CABECERA
Campo de control 00965cam a2200253 a 4500
005 - FECHA Y HORA DE LA ULTIMA TRANSACCION
Campo de control 20160429152942.0
008 - ELEMENTOS DE LONGITUD FIJA—INFORMACION GENERAL
Campo de control 980909s1999 maua b 001 0 eng
020 ## - ISBN
ISBN 0201485583
040 ## - FUENTE DE CATALOGACIÓN
Agencia catalogadora original DLC
Agencia transcriptora DLC
Agencia Modificadora DLC
-- CO-BoIAVH
041 0# - IDIOMA
Código de idioma para texto/pista de sonido o título separado Inglés
044 ## - PAÍS DE PUBLICACIÓN
País de publicación Estados Unidos
082 00 - NUMERO DE CLASIFICACION DECIMAL DEWEY
Número de clasificación 005.133
Número del ítem C19j
100 1# - ASIENTO PRINCIPAL--NOMBRE PERSONAL
Nombre personal Campione, Mary.
Término relacionado autora
9 (RLIN) 17726
245 14 - MENCION DE TITULO
Título The Java tutorial continued :
Parte restante del título the rest of the JDK /
Mención de responsabilidad Mary Campione, Kathy Walrath, Alison Huml y el tutorial team.
260 ## - PUBLICACION, DISTRIBUCION, ETC. (PIE DE IMPRENTA)
Lugar de publicación, distribución, etc. Reading, Mass. :
Nombre del editor, distribuidor, etc. Addison-Wesley,
Fecha de publicación, distribución, etc. c1999.
300 ## - DESCRIPCION FISICA
Extensión xii, 950 páginas :
Otros detalles físicos ilustraciones ;
Dimensiones 24 x 19 centímetros +
Material acompañante 1 disco compacto (4 3/4 in.).
504 ## - NOTA DE BIBLIOGRAFIA, ETC.
Nota de bibliografía Incluye referencias bibliográficas.
650 24 - ASIENTO SECUNDARIO DE MATERIA - TERMINO TEMATICO
Término temático o nombre geográfico como elemento de entrada Programación orientada a objetos (Computación)
9 (RLIN) 66937
650 14 - ASIENTO SECUNDARIO DE MATERIA - TERMINO TEMATICO
Término temático o nombre geográfico como elemento de entrada Java (Lenguaje de programación)
9 (RLIN) 65167
650 26 - ASIENTO SECUNDARIO DE MATERIA - TERMINO TEMATICO
Término temático o nombre geográfico como elemento de entrada Internet
Subdivisión general programación
9 (RLIN) 66938
700 1# - ASIENTO SECUNDARIO - NOMBRE PERSONAL
Nombre personal Walrath, Kathy.
Término de relación autora
9 (RLIN) 17727
700 1# - ASIENTO SECUNDARIO - NOMBRE PERSONAL
Nombre personal Huml, Alison.
Término de relación autora
9 (RLIN) 17728
942 ## - ELEMENTOS ADICIONALES (KOHA)
Sistema de clasificación Dewey Decimal Classification
Tipo de ítem Libro
Existencias
Withdrawn status Lost status Sistema de Clasificación Damaged status No para préstamo Colección Ubicación Permanente Ubicación actual Fecha de adquisición Total Checkouts Número topográfico Inventario / Código de Barras Date last seen Date checked out Ejemplar Price effective from Forma de adquisición Tipo de material Public note
    Dewey Decimal Classification     TIC Villa de Leyva Villa de Leyva 02/07/2004 1 LB-005.133 C19j 018065 29/04/2016 15/05/2015 Ej. 1 04/12/2012 Donación Libro Incluye CD-ROM (CID-016349).